000 00347nam a2200145Ia 4500
008 191201s2009 xx 000 0 und d
082 _a658.421
_bGOE
100 _aGORDON,E
245 0 _aEntrepreneurship Development
250 _aReo
260 _aN.Delhi
_bHimalaya Publication House
_c2009
300 _a274
650 _aMBA
942 _2ddc
_cBK
999 _c4288
_d4288